000 00636nam a22001817a 4500
003 UA-OsUOA
001 14292
007 ta
008 20030729b un ||||| |||| 00| 0 ukr d
100 _aДмитренко Т.
942 _cSA
040 _aUA-OsUOA
_cUA-OsUOA
_dUA-OsUOA
245 _aКостел Яна Непомуцена у Дубні: [Про духовну святиню м.Дубна - римо-католицький костел Яна Непомука]
300 _aС.3
955 _a0
773 0 _w0
_tСкриня
_dДубно
_d2003
_g№22/29 трав./
650 7 _aКостели римо-католицькі
_2UDC
999 _c300453
_d300453